Nečakané odhalenia

Detektívne poviedky.

Bibliographic Details
Other Authors: Makovický, Igor (Narrator)
Format: CD Audio
Language:Slovak
English
Published: Levoča Slovenská knižnica pre nevidiacich Mateja Hrebendu 2024
Subjects:

MARC

LEADER 00000nim a2200000 a 4500
001 vtls012256815
003 SK-MaSNL
005 20260301105806.0
007 sd fsngnnmmnud
008 240527s2024 xo nnnnfs f n slo
015 |a SNBJ2025 
020 |a 9788018122587  |q (zvuková kniha) 
040 |a SNK  |b slo  |c SNK  |e AACR2 
041 1 |a slo  |h eng 
044 |a xo  |c SK 
080 |a (086.76)  |2 2001 
245 1 0 |a Nečakané odhalenia  |h elektronický zdroj  |c číta: Igor Makovický 
260 |a Levoča  |b Slovenská knižnica pre nevidiacich Mateja Hrebendu  |c 2024 
300 |a 1 elektronický optický disk (CD-ROM)  |b digitálny, mono, MP3  |c 12cm 
306 |a 060000 
520 8 |a Detektívne poviedky. 
521 |a pre nevidiacich, slabozrakých a inak zdravotne postihnutých 
655 7 |a zvukové záznamy  |2 SNKPH  |9 70720 
655 7 |a americké poviedky  |2 SNKPH  |9 70544 
655 7 |a detektívne poviedky  |2 SNKPH  |9 70227 
655 7 |a CD-ROM  |2 SNKPH  |9 70236 
700 1 |a Makovický, Igor  |4 nrt  |9 302674 
752 |a Slovensko  |d Levoča 
919 |a 978-80-18-12258-7 
999 |c 701708  |d 703638 
952 |a SNK  |b SNK  |y NEVYP  |7 1  |p 17A1579435  |o snkSCD 7395  |i snk2025/13777  |8 0  |0 0  |1 0  |4 0  |d 2025-09-01  |l 0  |r 2026-02-23 21:01:33  |w 2026-02-23